00825nam a22002417a 450000500170000001000110001702000070002803500110003503700160004604000120006208200120007410000270008624500530011326000420016627000400020830000250024850000510027365000320032465000270035694200260038399900190040995201550042820170124105930.0 a821106 c00 a821106 bCen Lib/Ret aDPLbEN a321.021 aMaprayil, Cyriac98058 aNehru and the commonwealth /cby Cyriac Maprayil aNew Delhi bRadiant Publishers c1976 aE-155, kalka jibNew Delhi e110019 axiii, 69p.c21cm(Hb) aIncludes bibliographical references and index  aCommonwealth history 98059 aSpeeches xNehru98060 2ddccENh321.021mMAP c123793d123793 04104070aLbLd2015-06-12eCen Lib/Retg0.00l0o321.021 MAPp821106r2015-06-12 00:00:00t1v0.00w2015-06-12yENzW/d List No. 6844/6; dtd 7/7/20